<?xml version="1.0" encoding="UTF-8"?>
<collection xmlns="http://www.loc.gov/MARC21/slim">
<record>
  <controlfield tag="001">123495</controlfield>
  <controlfield tag="005">20230213131628.0</controlfield>
  <datafield tag="024" ind1="8" ind2=" ">
    <subfield code="2">innovaciondocente</subfield>
    <subfield code="a">4567</subfield>
  </datafield>
  <datafield tag="037" ind1=" " ind2=" ">
    <subfield code="a">INNODOC-2019-4567</subfield>
  </datafield>
  <datafield tag="041" ind1=" " ind2=" ">
    <subfield code="a">spa</subfield>
  </datafield>
  <datafield tag="100" ind1=" " ind2=" ">
    <subfield code="0">(orcid)0000-0002-1934-5397</subfield>
    <subfield code="a">Loste Montoya, Araceli</subfield>
    <subfield code="e">coord.</subfield>
  </datafield>
  <datafield tag="245" ind1=" " ind2=" ">
    <subfield code="a">Incorporación de videotutoriales para mejorar la labor de orientación en el POU de la Facultad de Veterinaria</subfield>
  </datafield>
  <datafield tag="260" ind1=" " ind2=" ">
    <subfield code="a">Zaragoza</subfield>
    <subfield code="b">Universidad de Zaragoza</subfield>
    <subfield code="c">2019</subfield>
  </datafield>
  <datafield tag="520" ind1="3" ind2=" ">
    <subfield code="a">El Plan de Orientación Universitaria en la Facultad de Veterinaria para los Grados en Veterinaria y en Ciencia y Tecnología de los Alimentos es muy activo y se encuentra en continua evolución en función de la demanda de los actores implicados en el mismo. A lo largo de estos años, se ha observado que hay algunos temas que son solicitados de forma continua por estudiantes de diferentes cursos. El objetivo de este proyecto es realizar pequeños videotutoriales, sobre dichos temas, que estén a su disposición en cualquier momento a través de la asignatura Moodle POU VET/CTA y del canal de YouTube del Centro. Se valorará su eficacia, eficiencia, sostenibilidad y transferencia mediante encuestas de satisfacción y datos de visionado. Con esta nueva herramienta se pretende mejorar la labor de orientación de los estudiantes en la Facultad de Veterinaria.</subfield>
  </datafield>
  <datafield tag="540" ind1=" " ind2=" ">
    <subfield code="9">info:eu-repo/semantics/openAccess</subfield>
    <subfield code="a"></subfield>
    <subfield code="u"></subfield>
  </datafield>
  <datafield tag="700" ind1=" " ind2=" ">
    <subfield code="0">(orcid)0000-0002-5086-7839</subfield>
    <subfield code="a">Sánchez Gimeno, Ana Cristina</subfield>
  </datafield>
  <datafield tag="700" ind1=" " ind2=" ">
    <subfield code="0">(orcid)0000-0002-9264-5396</subfield>
    <subfield code="a">Del Niño Jesús García, Antonio</subfield>
  </datafield>
  <datafield tag="700" ind1=" " ind2=" ">
    <subfield code="0">(orcid)0000-0001-5105-6133</subfield>
    <subfield code="a">Acín Tresaco, Cristina</subfield>
  </datafield>
  <datafield tag="700" ind1=" " ind2=" ">
    <subfield code="0">(orcid)0000-0001-5981-5448</subfield>
    <subfield code="a">Miana Mena, Francisco Javier</subfield>
  </datafield>
  <datafield tag="700" ind1=" " ind2=" ">
    <subfield code="0">(orcid)0000-0002-5049-3646</subfield>
    <subfield code="a">Cebrián Auré, Guillermo</subfield>
  </datafield>
  <datafield tag="700" ind1=" " ind2=" ">
    <subfield code="0">(orcid)0000-0003-2430-858X</subfield>
    <subfield code="a">Álvarez Lanzarote, Ignacio</subfield>
  </datafield>
  <datafield tag="700" ind1=" " ind2=" ">
    <subfield code="0">(orcid)0000-0001-5370-0068</subfield>
    <subfield code="a">García Sánchez, Jesús</subfield>
  </datafield>
  <datafield tag="700" ind1=" " ind2=" ">
    <subfield code="a">Marqués Díez, Johari</subfield>
  </datafield>
  <datafield tag="700" ind1=" " ind2=" ">
    <subfield code="0">(orcid)0000-0002-2114-0577</subfield>
    <subfield code="a">Arruebo Loshuertos, María Pilar</subfield>
  </datafield>
  <datafield tag="700" ind1=" " ind2=" ">
    <subfield code="0">(orcid)0000-0002-0680-9957</subfield>
    <subfield code="a">Borobia Frías, Marta</subfield>
  </datafield>
  <datafield tag="700" ind1=" " ind2=" ">
    <subfield code="0">(orcid)0000-0003-3436-776X</subfield>
    <subfield code="a">Peribáñez López, Miguel Ángel</subfield>
  </datafield>
  <datafield tag="700" ind1=" " ind2=" ">
    <subfield code="0">(orcid)0000-0002-0238-6328</subfield>
    <subfield code="a">Pagán Tomás, Rafael</subfield>
  </datafield>
  <datafield tag="700" ind1=" " ind2=" ">
    <subfield code="0">(orcid)0000-0001-6209-4282</subfield>
    <subfield code="a">Villanueva Saz, Sergio</subfield>
  </datafield>
  <datafield tag="856" ind1="4" ind2=" ">
    <subfield code="s">362378</subfield>
    <subfield code="u">http://zaguan.unizar.es/record/123495/files/memoria_PIPOUZ_2019_4567.pdf</subfield>
    <subfield code="y">Memoria del proyecto</subfield>
  </datafield>
  <datafield tag="970" ind1=" " ind2=" ">
    <subfield code="a">INNODOC-2019-4567</subfield>
  </datafield>
  <datafield tag="980" ind1=" " ind2=" ">
    <subfield code="a">INNODOC</subfield>
    <subfield code="b">PIPOUZ</subfield>
  </datafield>
</record>
</collection>